Southville International School and Colleges
Your cart is empty.
  • Cart
  • Lists
    Public lists Eva Luna New books Lux_list list_1
    Your lists Log in to create your own lists
  • Log in to your account
  • Your cookies
  • Search history
Southville International School and Colleges
  • Advanced search
  • Recent comments
  • Most popular
  • Libraries

Log in to your account

Log in with GOOGLE


If you do not have an external account, but do have a local account, you can still log in:

  1. Home
  2. MARC view: Tapestry /
Normal view MARC view ISBD view

Tapestry / (Record no. 283864)

[ view plain ]
MARC details
000 -LEADER
fixed length control field 01007nam a22002890 4500
003 - CONTROL NUMBER IDENTIFIER
control field PILC
005 - DATE AND TIME OF LATEST TRANSACTION
control field 20150506140637.0
008 - FIXED-LENGTH DATA ELEMENTS--GENERAL INFORMATION
fixed length control field 001124s2000
020 ## - INTERNATIONAL STANDARD BOOK NUMBER
International Standard Book Number 1413006167
050 ## - LIBRARY OF CONGRESS CALL NUMBER
Classification number PE 1128
Item number .T172 2005
245 10 - TITLE STATEMENT
Title Tapestry /
Statement of responsibility, etc Rebecca L. Oxford, series editor ; Susana Christie, Listening and speaking editor.
260 ## - PUBLICATION, DISTRIBUTION, ETC. (IMPRINT)
Place of publication, distribution, etc Boston, MA :
Name of publisher, distributor, etc Heinle & Heinle,
Date of publication, distribution, etc c2005.
300 ## - PHYSICAL DESCRIPTION
Extent 223 pages :
Other physical details illustrations ;
Dimensions 25 cm.
440 ## - SERIES STATEMENT/ADDED ENTRY--TITLE
Title Tapestry reading 3.
440 ## - SERIES STATEMENT/ADDED ENTRY--TITLE
Title Tapestry reading 4.
440 ## - SERIES STATEMENT/ADDED ENTRY--TITLE
Title Tapestry writing 1.
440 ## - SERIES STATEMENT/ADDED ENTRY--TITLE
Title Tapestry writing 2.
650 ## - SUBJECT ADDED ENTRY--TOPICAL TERM
Topical term or geographic name as entry element English language
General subdivision Rhetoric
-- Problems, exercises, etc.
650 ## - SUBJECT ADDED ENTRY--TOPICAL TERM
Topical term or geographic name as entry element English language
General subdivision Textbooks for foreign speakers.
650 ## - SUBJECT ADDED ENTRY--TOPICAL TERM
Topical term or geographic name as entry element Reading comprehension
General subdivision Problems, exercises, etc.
650 ## - SUBJECT ADDED ENTRY--TOPICAL TERM
Topical term or geographic name as entry element Report writing
General subdivision Problems, exercises, etc.
700 1# - ADDED ENTRY--PERSONAL NAME
Personal name Blass, Laurie.
700 1# - ADDED ENTRY--PERSONAL NAME
Personal name Fellag, Linda Robinson.
700 1# - ADDED ENTRY--PERSONAL NAME
Personal name Sokolik, M.E.
700 #1 - ADDED ENTRY--PERSONAL NAME
Personal name Oxford, Rebecca L.,
Relator term ed.
942 ## - ADDED ENTRY ELEMENTS (KOHA)
Source of classification or shelving scheme Library of Congress Classification
Koha item type Books
Holdings
Withdrawn status Lost status Source of classification or shelving scheme Damaged status Home library Current library Shelving location Date acquired Source of acquisition Sub Shelving location Total Checkouts Full call number Barcode Date last seen Price effective from Koha item type
    Library of Congress Classification   Southville International School Affiliated with Foreign Universities Library Southville International School Affiliated with Foreign Universities Library Southville Foreign University Section 05/06/2015 Library Fund     PE 1128 .T172 2005 SFU1893 05/15/2018 05/06/2015 Books

Tapestry /

APA

Blass L., Fellag L. R., Sokolik M. & Oxford R. L. (2005). Tapestry. Boston, MA: Heinle & Heinle.

Chicago

Blass Laurie, Fellag Linda Robinson, Sokolik M.E and Oxford Rebecca L. 2005. Tapestry. Boston, MA: Heinle & Heinle.

Harvard

Blass L., Fellag L. R., Sokolik M. and Oxford R. L. (2005). Tapestry. Boston, MA: Heinle & Heinle.

MLA

Blass Laurie, Fellag Linda Robinson, Sokolik M.E and Oxford Rebecca L. Tapestry. Boston, MA: Heinle & Heinle. 2005.

  • Place hold
  • Print
  • Cite
  • Add to your cart (remove)
  • Save record
    BIBTEX Dublin Core MARCXML MARC (non-Unicode/MARC-8) MARC (Unicode/UTF-8) MARC (Unicode/UTF-8, Standard) MODS (XML) RIS
  • More searches
    Search for this title in:
    Other Libraries (WorldCat) Other Databases (Google Scholar) Online Stores (Bookfinder.com) Open Library (openlibrary.org)

Exporting to Dublin Core...

SOUTHVILLE LIBRARY

Southville International School and Colleges Library

1281 Tropical Ave. Cor. Luxembourg St., BF Homes International, Las Pinas City

Tel. No. 8256374 / 252358 Loc. 117/146

Powered by Koha